000 00305nam a2200145Ia 4500
100 _aBabu/B.V
942 _cBK
366 _f20
245 _aProcess Plant simulation
260 _bOxford university press
_c2004
082 _a660
_bBAB
300 _a542
546 _aENGLISH
_cInfo.Tech
999 _c19449
_d19449